[Event "Santa Maria op 4th"]
[Site "Santa Maria"]
[Date "2023.11.26"]
[Round "5"]
[White "Teixeira, Tales Machado"]
[Black "Lorenzi, Luiza Goncalves"]
[Result "0-1"]
[WhiteElo "1804"]
[BlackElo "1800"]
[PlyCount "32"]
[EventDate "2023.11.24"]
[EventType "swiss"]
[EventRounds "6"]
[EventCountry "BRA"]
[SourceTitle "CB49_2023"]
[SourceDate "2023.12.06"]
[SourceVersion "1"]
[SourceVersionDate "2023.12.06"]
[SourceQuality "1"]

1. d4 d5 2. c4 c6 3. cxd5 cxd5 4. Nc3 Nf6 5. Nf3 Bf5 6. Bf4 e6 7. e3 Bd6 8. Nb5 a6 9. Qa4 Nc6 10. Nc3 0-0 11. Ne5 Rc8 12. Be2 Qb6 13. Rd1 Qxb2 14. Rb1 Qxc3+ 15. Kf1 Bxb1 16. Nxc6 Qc1+ 0-1

[Event "Santa Maria op 4th"]
[Site "Santa Maria"]
[Date "2023.11.25"]
[Round "4"]
[White "Lorenzi, Luiza Goncalves"]
[Black "Fagundes, Carlos Prestes"]
[Result "1-0"]
[WhiteElo "1800"]
[BlackElo "1800"]
[PlyCount "37"]
[EventDate "2023.11.24"]
[EventType "swiss"]
[EventRounds "6"]
[EventCountry "BRA"]
[SourceTitle "CB49_2023"]
[SourceDate "2023.12.06"]
[SourceVersion "1"]
[SourceVersionDate "2023.12.06"]
[SourceQuality "1"]

1. d4 d5 2. Bf4 Bf5 3. e3 Nf6 4. Nf3 g6 5. Bd3 Bxd3 6. Qxd3 c6 7. h3 Nbd7 8. Nbd2 Bg7 9. 0-0 0-0 10. c4 e6 11. cxd5 exd5 12. b4 a6 13. a4 Qb6 14. Rab1 Ne8 15. b5 axb5 16. axb5 Rc8 17. Rfc1 g5 18. Nxg5 c5 19. Qxh7# 1-0